000 00358nam a22001577a 4500
003 macl
005 20201121122712.0
008 201121b xxu||||| |||| 00| 0 eng d
040 _cmacl
082 _a400
100 _aSP Bakshi
_980582
245 _aObjective General English
260 _aindia
_bArihant
650 _aEnglish
_980583
942 _2ddc
_cHIN
999 _c63902
_d63902